On top of the world (barbie) - lyrics - Statistics

General Stats
  • This quiz has been taken 50 times
  • The average score is 210 of 274
Answer Stats
Answer % Correct
The
100%
To
100%
I
96%
Of
96%
On
96%
Top
96%
World
96%
A
93%
Be
93%
I'm
93%
My
89%
Can
86%
Do
86%
Don't
82%
Everything
82%
Gonna
82%
Is
82%
Me
82%
See
82%
All
79%
And
79%
Before
79%
Have
79%
Sky
79%
Where
79%
Fall
75%
Free
75%
In
75%
Think
75%
Touch
75%
Are
71%
At
71%
Break
71%
This
71%
Balance
68%
Depending
68%
Fly
68%
Here
68%
If
68%
I'll
68%
Keep
68%
Trying
68%
Up
68%
Belong
64%
Chance
64%
Head
64%
It
64%
Out
64%
But
61%
Did
61%
Dreams
61%
Easy
61%
Get
61%
Nothing
61%
Reaching
61%
Wings
61%
Could
57%
Everything's
57%
Heart
57%
Rushing
57%
Hard
54%
Right
54%
Can't
50%
Nothing's
50%
Stretching
50%
Toward
50%
Why
50%
Change
46%
Feel
46%
Instead
46%
Pressure
46%
There
46%
Times
46%
Above
43%
Away
43%
Defeat
43%
Doing
43%
Even
43%
Had
43%
Now
43%
Once
43%
Takes
43%
Talent
43%
Thousand
43%
You
43%
Discipline
39%
Walked
39%
Again
36%
Almost
36%
Drowning
36%
Give
36%
Know
36%
Wish
36%
Moving
32%
Without
32%
Doubt
29%
Climbing
18%
No matching quizzes found
Score Distribution
Percent of People with Each Score
Percentile by Number Answered
Your Score History
You have not taken this quiz